| 000 | 00703nam a22002057a 4500 | ||
|---|---|---|---|
| 003 | OSt | ||
| 005 | 20250905053625.0 | ||
| 008 | 250709b |||||||| |||| 00| 0 eng d | ||
| 020 | _a9789719654223 | ||
| 040 |
_aDWCL - Main lib _cOC |
||
| 082 | _aFil. 725.4 S487f 2016 | ||
| 100 | _aSerrano, Angelita Ong Camilar | ||
| 245 |
_aFacilities planning and management/ _cAngelita Ong Camilar Serrano |
||
| 260 |
_aManila : _bUnlimited Books Library Services & Publishing, _c c2016. |
||
| 300 |
_aviii, 212 pages : _b illustrations : _c25 cm. |
||
| 504 | _aIncludes bibliographical references. | ||
| 650 | _a1. Facility management. | ||
| 650 | _a2. Industrial buildings. | ||
| 942 |
_2ddc _cBK - FIL _kFil. _n0 |
||
| 999 |
_c3541 _d3541 |
||